| 000 | 00504nam a2200169 i 4500 | ||
|---|---|---|---|
| 001 | 50473 | ||
| 003 | ES-MaACL | ||
| 005 | 20230906162203.0 | ||
| 007 | t| | ||
| 008 | 030804s1969 sp ||||1| spa d | ||
| 100 | 1 |
_aCzech, J. _942326 |
|
| 245 | 1 | 0 |
_aTécnica de medidas con el osciloscopio / _cJ. Czech ; [traducido por Miguel Molinos Calvo]. |
| 260 |
_aMadrid : _bParaninfo, _c1969. |
||
| 300 |
_a803 p. : _bil. ; _c22 cm. |
||
| 700 | 1 |
_aMolinos, Miguel. _982013 |
|
| 852 |
_aES-MaACL _jC-9226 _bR.71787 |
||
| 999 |
_c50473 _d50473 |
||